2021 March Madness Bracket - Statistics

General Stats
  • This quiz has been taken 354 times
  • The average score is 41 of 63
Answer Stats
Question Answer % Correct
Round of 64 - West 1 Gonzaga
99%
Round of 64 - West 5 Creighton
85%
Round of 64 - West 3 Kansas
84%
Round of 64 - East 1 Michigan
82%
Round of 64 - South 1 Baylor
81%
Round of 64 - West 2 Iowa
81%
Round of 64 - East 2 Alabama
79%
Round of 64 - East 4 Florida Sate
79%
Round of 64 - Midwest 1 Illinois
78%
Round of 64 - Midwest 2 Houston
78%
Round of 32 - West 1 Gonzaga
76%
Round of 64 - South 5 Villanova
76%
Round of 64 - Midwest 8 Loyola Chicago
76%
Round of 64 - South 3 Arkansas
75%
Round of 32 - West 5 Creighton
75%
Round of 64 - West 8 Oklahoma
75%
Round of 64 - Midwest 3 West Virginia
73%
Round of 64 Midwest 4 Oklahoma St.
73%
Round of 64 - South 6 Texas Tech
73%
Round of 32 - East 1 Michigan
72%
Round of 32 - East 11 UCLA
70%
Elite 8 - South 1 Baylor
70%
Final 4 1 Baylor
70%
Elite 8 - West 1 Gonzaga
70%
Round of 64 - West 7 Oregon
70%
Round of 64 - East 11 UCLA
69%
Sweet 16 - West 1 Gonzaga
69%
Final 4 1 Gonzaga
69%
Round of 32 - Midwest 2 Houston
69%
Round of 64 - East 5 Colorado
69%
Round of 32 - South 5 Villanova
69%
Round of 64 - West 6 USC
69%
Round of 64 - East 8 LSU
69%
Round of 32 - East 2 Alabama
67%
Sweet 16 - South 3 Arkansas
66%
Round of 64 - South 15 Oral Roberts
64%
Round of 32 - South 1 Baylor
64%
Sweet 16 - South 1 Baylor
64%
Sweet 16 - East 1 Michigan
64%
Sweet 16 - Midwest 2 Houston
64%
Elite 8 - Midwest 2 Houston
64%
Round of 32 - East 4 Florida St.
63%
National Championship 1 Baylor
61%
Round of 64 - South 7 Florida
60%
Sweet 16 - East 11 UCLA
58%
Round of 64 - West 13 Ohio
55%
Round of 32 - South 15 Oral Roberts
55%
Round of 32 - South 3 Arkansas
55%
Elite 8 - East 11 UCLA
54%
Round of 32 - Midwest 8 Loyola Chicago
54%
Round of 64 - Midwest 11 Syracuse
51%
Round of 32 - Midwest 12 Oregon St.
51%
Sweet 16 - West 6 USC
51%
Sweet 16 - Midwest 12 Oregon St.
49%
Round of 32 - Midwest 11 Syracuse
48%
Round of 64 - Midwest 12 Oregon St.
48%
Round of 64 - East 14 Abilene Christian
46%
Round of 32 - West 7 Oregon
46%
Round of 64 - South 13 North Texas
43%
Round of 64 - Midwest 10 Rutgers
34%
Round of 32 - West 6 USC
34%
Round of 64 - South 9 Wisconsin
33%
Round of 64 - East 10 Maryland
31%
No matching quizzes found
Score Distribution
Percent of People with Each Score
Percentile by Number Answered
Your Score History
You have not taken this quiz